000 00260nam a22000977a 4500
999 _c11672
_d11672
008 191126b ||||| |||| 00| 0 eng d
020 _a9781988720067
100 _aErlendson Richard
_97374
245 _aOh, Canada!
260 _aCanada
_bCountry Lane Publishing
_c2018